Quizzes
Events
Quiz Creation
Community
Videos
Private Events
Remove Ads
Sign In
Join for FREE
Feedback
Dark Mode
Quiz Categories
Sports
Geography
Music
Movies
Television
Just For Fun
Miscellaneous
History
Literature
Language
Science
Gaming
Entertainment
Religion
Holiday
For Kids
Quiz Lab
Recent
Popular Today
Quiz Kudos Today
Editor Picks
Curator Picks
Quizzes by...
Day
Popularity
Type
Ratings
Length
Year
Community
Subscriptions
Recent Discussions
Orange Saloon
Badges
Playlists
Quests
Create
Leaderboards
Showdown
Live 5
Trivia Bingo
Activity
Puzzle Library
Sporcle Events
Private Events
Virtual Trivia
Globe League
Become a Host
Pub Owners
SporcleCon
Opinionation
Our Games
Videos
Blog
Mobile Apps
Partnerships
Remove Ads and Go Orange
Feedback
Movies
Disney
Marvel Cinematic Universe
Movie Resume
Movie Titles
Oscar
Actor
Actress
Director
Pixar
Role
Movie Quotes
Movie Characters
Box Office
Nominee
Best Picture
Star Wars
James Bond
Horror Movies
Movies
Disney
Marvel Cinematic Universe
Movie Resume
Movie Titles
Oscar
Actor
Actress
Director
Pixar
Role
Movie Quotes
Movie Characters
Box Office
Nominee
Best Picture
Star Wars
James Bond
Horror Movies
Random Quiz
Search Sporcle
×
Quiz Lab
Quiz Lab
Movies
Letter
Type in answers that appear in a list
Type in answers that appear in a list
Classic
Best Score? Go Orange.
Morgan Freeman's ABCs Stats
Can you name the Morgan Freeman films for each letter of the alphabet?
By
ShortyNJ
10m
21 Questions
134 Plays
134 Plays
134 Plays
Comments
Comments
Give Quiz Kudos
Give Quiz Kudos
-
- Ratings
hide this ad
Replay
Link that replays current quiz
Next Quiz
Link to next quiz in quiz playlist
You Got
0%
They Got
Avg Score
44%
Avg Friend Score
Upgrade to see
Score Distribution
Jump to the score distribution portion of the page
Score
0/21
Timer
10:00
0
Plays Today
letter
film(s)
% Correct
B
Batman Begins, The Bucket List, Brubaker ...
97.8%
S
The Shawhank Redemption, Se7en ,,,
91%
D
Driving Miss Daisy, The Dark Knight ...
90.3%
A
Amistad, Along Came a Spider
67.2%
E
Eyewitness, Edison, Evan Almighty
66.4%
M
Million Dollar Baby, March of the Penguins ...
66.4%
R
Red, Robin Hood: Prince of Thieves ...
60.4%
G
Glory, Gone Baby Gone
55.2%
U
Unforgiven, Under Suspicion, Unleashed ...
49.3%
I
Invictus
48.5%
K
Kiss the Girls
48.5%
letter
film(s)
% Correct
L
Lucky Number Slevin, Lean on Me, Levity ...
40.3%
W
Wanted, War of the Worlds ...
35.8%
O
Outbreak, Oblivion ...
23.1%
N
Nurse Betty, Now You See Me
21.6%
H
High Crimes, Harry & Son, Hard Rain ...
19.4%
C
Clean and Sober, The Contract ...
16.4%
T
10 Items or Less, Thick as Thieves ...
13.4%
J
Johnny Handsome
8.2%
F
Feast of Love, 5 Flights Up
5.2%
P
The Power of One, Prom Night in Mississippi ...
5.2%
Quiz Playlist
Details
Report
Send in Message
Add To Playlist
Classic:
Type in answers that appear in a list
Last Updated: Feb 16, 2017
Quiz Scoreboard
CHALLENGE
Sign Up to Join the Scoreboard
Show All
Scores
Hide
Comments
May contain spoilers
Recently Published
Billboard Blitz: Fleetwood Mac
by CooCooCachoo
Music
15s
Presidents Visiting Landmarks
by Hejman
History
7m
An Introduction to Baseball
by treessimontrees
Sports
5m
More to Explore
Quiz From the Vault
Featured Blog Post
Where Did the Easter Bunny Come From?
hide this ad
You Might Also Like...
Tags
Alphabet Quiz
Letter Quiz
ABC
Freeman
morgan
Morgan Freeman
Today's Top Quizzes in Movies
Browse Movies
hide this ad
Today's Top Quizzes in Letter
Browse Letter
Top Contributed Quizzes in Movies
1
Pick 5 Posters: Directed by Spielberg
2
7-to-1: Pixar Characters
3
Pick 5 Posters: Lowest-Rated Spielberg
4
Sorting Actors
5
Pick 5 Posters: Directed by Scorsese
6
Sorting Actresses
7
Pick 5 Posters: Star & Director
8
Pick 5 Posters: Women Directed 2020s
9
12 Movies about Fictional 1960s Events
10
Multi-Oscar Nominations, One Movie, One Winner
Explore More
Trending Topics
Harry Potter
Marvel
NBA
Crossword
Disney
Anime
Kpop
Country
Soccer
The Office
WWE
Puzzle
Pokémon
NFL
Song
hide this ad
More By:
ShortyNJ
Quiz
Plays
Rating
Category
Featured
Created
Seven-Letter Things
54,106
4.40
Miscellaneous
Jun 5, 2010
Samuel L. Jackson (A-Z)
27,991
4.16
Movies
Feb 23, 2012
The REAL Jersey Shore
731
4.50
Geography
Dec 10, 2010
John Wayne's ABCs
379
5.00
Movies
Feb 23, 2012
Bruce Willis' ABCs
351
3.88
Movies
Feb 23, 2012
Go to Creator's Profile
Score Distribution
Quiz Creator Spotlight
ShortyNJ
Follow
Send a Message
Quizzes Created
-
Created Quiz Play Count
-
More By This Creator
Popular Quizzes Today
1
Find the US States - No Outlines Minefield
2
Find the Countries of Europe - No Outlines Minefield
3
The Countries of the World
4
Find the US States
5
US States
6
Risky Map Clicking: Biggest States A-Z
7
Popular People in 1961
8
Movies - When Are They Set?
More Movies Quizzes
Click Me! Actors Edition 🙋
Quiz Lab
Trending Quizzes
Risky Map Clicking: Least Populous States A-Z
1-10 Letter G Words
1-10 Letter F Words
Risky Map Clicking: Next State Alphabetically
Risky Map Clicking: Biggest States A-Z
Recently Updated
Leaping Animals
pecheneg
Reality TV Shows (A-Z)
bhenderson79
Rickey Henderson's Hall of Fame Teammates
pecheneg
Champions League XIs: Arsenal
pecheneg
Quick Pick: Celebrities in WWE's Hall of Fame
aduchscher
A-Z Keypad Blitz II
pecheneg
Multiple Oscar Actors
pecheneg
Mystery Phrase Blitz: Oscar 'Best Actors'
pecheneg
F. Scott Fitzgerald Novels
LTH
Pick 3 Villains
ddd62291
Trending Topics
Marvel
Disney
NBA
Crossword
Anime
Kpop
Harry Potter
Song
The Office
Soccer
WWE
Pokémon
Country
Puzzle
NFL
Your Account Isn't Verified!
In order to create a playlist on Sporcle, you need to verify the email address you used during registration. Go to your
Sporcle Settings
to finish the process.
Report this User
Report this user for behavior that violates our
Community Guidelines
.
Details:
Send Report
Go to the Sporcle.com Mobile Site →
Comments